Most Google Searched MLB Team by State - Statistics

General Stats
  • This quiz has been taken 139 times
    66 since last reset
  • The average score is 27 of 50
Answer Stats
State Team % Correct
California Los Angeles Dodgers
93%
Colorado Colorado Rockies
89%
Arizona Arizona Diamondbacks
87%
Georgia Atlanta Braves
85%
Illinois Chicago Cubs
85%
Florida Tampa Bay Rays
82%
Kansas Kansas City Royals
80%
Minnesota Minnesota Twins
76%
Connecticut New York Yankees
76%
New York New York Yankees
73%
Missouri St. Louis Cardinals
71%
Massachusetts Boston Red Sox
69%
Maryland Baltimore Orioles
67%
Iowa Chicago Cubs
65%
Ohio Cleveland Guardians
65%
Michigan Detroit Tigers
65%
Alabama Atlanta Braves
64%
Texas Houston Astros
64%
Alaska Seattle Mariners
64%
Pennsylvania Philadelphia Phillies
62%
Maine Boston Red Sox
60%
Indiana Chicago Cubs
60%
Hawaii Los Angeles Dodgers
60%
New Jersey New York Yankees
56%
Idaho Seattle Mariners
56%
Delaware Philadelphia Phillies
53%
New Hampshire Boston Red Sox
49%
Rhode Island Boston Red Sox
49%
Arkansas St. Louis Cardinals
49%
Louisiana Houston Astros
47%
Mississippi Atlanta Braves
45%
Nevada Los Angeles Dodgers
44%
Oregon Seattle Mariners
44%
Washington Seattle Mariners
44%
Kentucky Cincinnati Reds
42%
North Carolina Atlanta Braves
40%
Montana Seattle Mariners
40%
Oklahoma Texas Rangers
38%
Vermont Boston Red Sox
36%
South Carolina Atlanta Braves
35%
Wisconsin Milwaukee Brewers
33%
North Dakota Minnesota Twins
33%
Virginia Washington Nationals
31%
Nebraska Kansas City Royals
29%
New Mexico Los Angeles Dodgers
29%
Utah Los Angeles Dodgers
27%
Tennessee Atlanta Braves
25%
South Dakota Minnesota Twins
24%
West Virginia Pittsburgh Pirates
22%
Wyoming Colorado Rockies
18%
No matching quizzes found
Score Distribution
Percent of People with Each Score
Percentile by Number Answered
Your Score History
You have not taken this quiz since the last reset